| 000 | 00724nam a2200217 a 4500 | ||
|---|---|---|---|
| 999 |
_c5134 _d5134 |
||
| 001 | 5134 | ||
| 003 | BD-JhCC | ||
| 005 | 20171209172248.0 | ||
| 008 | 171209s1970 ii |||| || | 000 0 eng d | ||
| 035 | _a(BD-JhCC)5134 | ||
| 040 |
_aBD-JhCC _dBD-JhCC |
||
| 041 | _aeng | ||
| 082 |
_a330 _bGHO 1970 |
||
| 100 | _aঘোষ, সচ্চিদানন্দ | ||
| 245 |
_aঅর্থবিদ্যার পরিচয় / _cসচ্চিদানন্দ ঘোষ, |
||
| 260 |
_aকলিকাতা : _bম্যাকমিলান অ্যাণ্ড কোম্পানি লিঃ, _c1970. |
||
| 300 |
_a363 p. : _c22 cm. |
||
| 650 | _aIntroduction of Economics | ||
| 942 |
_2ddc _cBK |
||